000 00378nam a2200145Ia 4500
008 230917s9999||||xx |||||||||||||| ||und||
040 _e49963
_aMAIN
041 _aEnglish
082 _a200.1 D536C
100 _aDharam Dev, ed.
245 0 _aChristianity and Vedas: A critical study
260 _aNew Delhi
_bJan Gyan Prakashan
_c1972
300 _aviii, 95 p.
942 _cBK
999 _c209672
_d209672